000 00952nam a2200205Ia 4500
008 0000001997 sp a 0000000000spa00
090 _aPSP00 R62a
100 1 _aRodrigo, Angel Pascual
_d1951
245 1 3 _aAngel Pascual Rodrigo
_b: entre sueños pasajeros, pinturas
_c/ textos Angel Pascual Rodrigo ; fotografías Juan Ramón Bonet, Elvira Ascaso, Angel P.R.
300 _a24 p.
_c/ 26 cm.
500 _aExposición realizada en el Centro de Arte Afinsa, Madrid, FebreroMarzo, 1997 \ Con el patronazgo del maestro venezolano Jesús Rafael Soto (q.e.p.d.) \ Registro auspiciado por el IDCT. Bogotá
600 0 0 _aRODRIGO, ANGEL PASCUAL, 1951 /
_xTRABAJOS PICTORICOS
650 1 4 _aARTE CONTEMPORANEO ESPAÑOL
650 1 4 _xCATALOGOS
650 1 4 _xEXPOSICIONES
650 1 4 _aPINTORES ESPAÑOLES
650 1 4 _aPINTURA ESPAÑOLA
700 1 _aBonet, Juan Ramón \ Ascaso, Elvira
999 _c3468
_d3468
260 _aMadrid : Centro de Arte Afinsa
_c1997